Syntactic and semantic features of parallelism in English and Vietnamese songs

Introduction; Literature review and theoretical background; Research design and methodology...

Gespeichert in:
Bibliographische Detailangaben
1. Verfasser: Vũ, Thị Châu Sa.
Weitere Verfasser: Lê Thị Giao Chi, M.A., M.Ed. (hướng dẫn.)
Format: Unbekannt
Sprache:English
Vietnamese
Veröffentlicht: Đà Nẵng : Đại học Đà Nẵng, 2011.
Schlagworte:
Tags: Tag hinzufügen
Keine Tags, Fügen Sie den ersten Tag hinzu!
Thư viện lưu trữ: Mạng thư viện Đại học Đà Nẵng
LEADER 02899na a2200409 4500
001 000032088
003 8073
005 20221110164156.0
008 151001s2011 000 eng
040 |a lnn  |c lnn  |d lnn 
041 0 |a vie 
082 0 4 |a 420.1  |b VU-S 
100 1 |a Vũ, Thị Châu Sa. 
245 1 0 |a Syntactic and semantic features of parallelism in English and Vietnamese songs  |h [Thesis-Luận văn thạc sĩ] /  |c Vũ Thị Châu Sa ; Lê Thị Giao Chi hướng dẫn. 
260 |a Đà Nẵng :  |b Đại học Đà Nẵng,  |c 2011. 
300 |a 106 tr. ;  |c 29 cm. +  |e 1 tóm tắt. 
500 |a Master thesis in the English language. 
520 3 |a Introduction; Literature review and theoretical background; Research design and methodology... 
630 0 4 |a English language. 
650 0 4 |a English language  |x Semantic. 
650 0 4 |a Parallelism  |x English and Vietnamese songs. 
650 0 4 |a English language  |x Syntactic. 
700 1 |a Lê Thị Giao Chi,  |c M.A., M.Ed.,  |e hướng dẫn. 
OWN |a LNN 
902 |a LVTS 
AVA |a UDN50  |b LNN  |c English  |d 420.4 VU-S  |e available  |t Error 5001 Not defined in file expand_doc_bib_avail.  |f 1  |g 0  |h N  |i 0  |j AN  |k 1 
Z40 3 |y Syntactic and semantic features of parallelism in English and Vietnamese songs  |l Library of UFL  |t VIEW  |x http://catalog.udn.vn:80/F?func=service&doc_library=UDN01&local_base=UDN01&doc_number=000032088&sequence=000001&line_number=0001&func_code=DB_RECORDS&service_type=MEDIA  |f CUONTOMTAT-Csa_000008645.pdf  |e pdf  |s 000514191  |k 20200922  |m NTMTHI 
Z40 3 |y Syntactic and semantic features of parallelism in English and Vietnamese songs  |l Library of UFL  |t VIEW  |x http://catalog.udn.vn:80/F?func=service&doc_library=UDN01&local_base=UDN01&doc_number=000032088&sequence=000002&line_number=0002&func_code=DB_RECORDS&service_type=MEDIA  |f TOANVAN-edited1_000008647.pdf  |e pdf  |s 001070840  |k 20200922  |m NTMTHI 
999 |a From the UDN01 
AVA |a UDN50  |b LNN  |c English  |d 420.4 VU-S  |e available  |t Error 5001 Not defined in file expand_doc_bib_avail.  |f 1  |g 0  |h N  |i 0  |j AN  |k 1 
TYP |a Printed language 
856 |y Syntactic and semantic features of parallelism in English and Vietnamese songs  |l Library of UFL  |t VIEW  |x http://catalog.udn.vn:80/F?func=service&doc_library=UDN01&local_base=UDN01&doc_number=000032088&sequence=000001&line_number=0001&func_code=DB_RECORDS&service_type=MEDIA  |f CUONTOMTAT-Csa_000008645.pdf  |e pdf  |s 000514191  |k 20200922  |m NTMTHI 
856 |y Syntactic and semantic features of parallelism in English and Vietnamese songs  |l Library of UFL  |t VIEW  |x http://catalog.udn.vn:80/F?func=service&doc_library=UDN01&local_base=UDN01&doc_number=000032088&sequence=000002&line_number=0002&func_code=DB_RECORDS&service_type=MEDIA  |f TOANVAN-edited1_000008647.pdf  |e pdf  |s 001070840  |k 20200922  |m NTMTHI 
980 |a Mạng thư viện Đại học Đà Nẵng